Tilastot visalle Yhdistettyjä valtioiden muotoja #1

Klikkaa tästä pelataksesi tätä visaa!

Yleistilastot

  • Tätä visaa on pelattu 89 kertaa
  • Keskiarvotulos 28 / 40

Vastaustilastot

Valtio% Oikein
Suomi
100%
Ruotsi
100%
Espanja
91%
Portugali
89%
Saksa
88%
Sveitsi
86%
Tanska
86%
Itävalta
85%
Etelä-Afrikka
84%
Myanmar
83%
Mosambik
79%
Bangladesh
78%
Kroatia
77%
Laos
77%
Panama
75%
Serbia
75%
Tunisia
74%
Libya
74%
Etelä-Korea
72%
Pohjois-Korea
72%
Kambodža
72%
Costa Rica
72%
Somalia
68%
Etiopia
67%
Slovakia
67%
Haiti
65%
Tšekki
65%
Sudan
65%
Etelä-Sudan
65%
Dominikaaninen tasavalta
62%
Puola
57%
Valko-Venäjä
56%
Kirgisia
52%
Bolivia
51%
Venezuela
51%
Kolumbia
49%
Paraguay
49%
Tadžikistan
49%
Tansania
47%
Kenia
46%

Tulosjakauma

Persentiili vastausten määrän mukaan

Jokaisen tuloksen saaneiden osuus

Tuloshistoriasi

Et ole pelannut tätä visaa